La voz del ciervo /
En el Delta, el silencio nos invita a escuchar las voces de la naturaleza, los pájaros, el viento en la hierba, el salto de una rana, el paso de un ciervo. La voz del ciervo es un libro álbum donde el texto es un poema contundente y armonioso que se convierte en único gracias a las ilustraciones que...
Guardado en:
| Autor Principal: | |
|---|---|
| Otros Autores: | |
| Formato: | Libro |
| Idioma: | Undetermined |
| Publicado: |
San Fernando :
La ballesta magnífica,
2023.
|
| Edición: | 2a ed. |
| Series: | Identidades bonaerenses
|
| Materias: | |
| Etiquetas: |
Agregar Etiqueta
Sin Etiquetas, Sea el primero en etiquetar este registro!
|
| LEADER | 01729nam a22003015a 4500 | ||
|---|---|---|---|
| 001 | CEM.cems024876 | ||
| 008 | 250825s2023####ag############000#0#und#d | ||
| 005 | 20250829095818.0 | ||
| 245 | 1 | 0 | |a La voz del ciervo / |c Marisa Negri ; ilustrado por Paula Collini. |
| 250 | |a 2a ed. | ||
| 260 | |a San Fernando : |b La ballesta magnífica, |c 2023. | ||
| 300 | |a 56 p. | ||
| 490 | 1 | |a Identidades bonaerenses | |
| 500 | |a Edición especial de la Dirección de Cultura y Educación de la Provincia de Buenos Aires. | ||
| 500 | |a Sugerencia de edad: a partir de ciclo básico. | ||
| 520 | |a En el Delta, el silencio nos invita a escuchar las voces de la naturaleza, los pájaros, el viento en la hierba, el salto de una rana, el paso de un ciervo. La voz del ciervo es un libro álbum donde el texto es un poema contundente y armonioso que se convierte en único gracias a las ilustraciones que lo articulan. Las autoras nos hablan sobre el avance de la frontera urbana en territorios salvajes como el Delta y los humedales. Las riquezas naturales de la provincia de Buenos Aires forman parte de su identidad, conocerlas y apreciarlas es fundamental para su conservación. | ||
| 020 | |a 9789878881386 | ||
| 100 | 1 | |a Negri, Marisa. | |
| 700 | 1 | |a Collini, Paula; il. | |
| 653 | |a Literatura argentina | ||
| 653 | |a Poesía argentina | ||
| 653 | |a Libro álbum | ||
| 653 | |a Educación Ambiental Integral | ||
| 653 | |a Identidades bonaerenses | ||
| 859 | |a CEMS |b BIB. CEMS - Agricultura |h A861.4 |i N386 |p A3974.25 |t Ej.1 | ||
| 859 | |a CEMS |b BIB. CEMS - Ccias. Educacion |h A861.4 |i N386 |k CE |p 30213.25 |t Ej.1 | ||
| 859 | |a CEMS |b BIB. CEMS - 11 de abril |h A861.4 |i N386 |p 30211.25 |t Ej.1 | ||
| 859 | |a CEMS |b BIB. CEMS - 11 de abril |h A861.4 |i N386 |p 30212.25 |t Ej.2 | ||
